Design of concrete structures (Record no. 3622)

000 -LEADER
fixed length control field 00547nam a22002057a 4500
001 - CONTROL NUMBER
control field 3622
003 - CONTROL NUMBER IDENTIFIER
control field BD-DhUET
008 - FIXED-LENGTH DATA ELEMENTS--GENERAL INFORMATION
fixed length control field 141102b xxu||||| |||| 00| 0 eng d
040 ## - CATALOGING SOURCE
Transcribing agency 0
Modifying agency BD-DhUET
082 ## - DEWEY DECIMAL CLASSIFICATION NUMBER
Classification number 624.183
Item number WIN/1972
100 ## - MAIN ENTRY--PERSONAL NAME
Personal name Winter, George
245 ## - TITLE STATEMENT
Title Design of concrete structures
Statement of responsibility, etc. by George Winter and Arthur H. Nilson
250 ## - EDITION STATEMENT
Edition statement 8th ed.
260 ## - PUBLICATION, DISTRIBUTION, ETC. (IMPRINT)
Place of publication, distribution, etc. New York
Name of publisher, distributor, etc. McGraw-Hill
Date of publication, distribution, etc. 1972
300 ## - PHYSICAL DESCRIPTION
Extent xii,615p.
504 ## - BIBLIOGRAPHY, ETC. NOTE
Bibliography, etc Includes bibliographies
650 #0 - SUBJECT ADDED ENTRY--TOPICAL TERM
Topical term or geographic name as entry element Reinforced concrete
700 ## - ADDED ENTRY--PERSONAL NAME
Personal name Nilson, Arthur H.
942 ## - ADDED ENTRY ELEMENTS (KOHA)
Koha item type General Book
Holdings
Source of classification or shelving scheme Copy number Not for loan Koha date last seen Shelving location Price effective from Lost status Koha normalized classification for sorting Sublocation or collection (holding branch) Withdrawn status Koha full call number Koha issues (times borrowed) Koha date last borrowed Piece designation (barcode) Koha item type Location (home branch) Date acquired Damaged status
 1 2025-06-18Circulation section2014-11-02 624_183000000000000_WIN_1972Central Library, BUET 624.183/WIN/197222025-05-2639870General BookCentral Library, BUET2014-11-02 
 2 2025-05-28Circulation section2014-11-02 624_000000000000000_183WIN1972Central Library, BUET 624.183/WIN/197212025-05-2644253General BookCentral Library, BUET2014-11-02 
 3 2014-11-18Circulation section2014-11-18 624_000000000000000_183WIN1972Central Library, BUET 624.183/WIN/1972  39869General BookCentral Library, BUET2014-11-18 
 4 2014-11-18Circulation section2014-11-18 624_000000000000000_183WIN1972Central Library, BUET 624.183/WIN/1972  39871General BookCentral Library, BUET2014-11-18 
 5 2025-06-28Circulation section2015-02-22 624_183000000000000_WIN_1972Central Library, BUET 624.183/WIN/197222025-05-2742844General BookCentral Library, BUET2015-02-22 
 6 2015-02-22Circulation section2015-02-22 624_183000000000000_WIN_1972Central Library, BUET 624.183/WIN/1972  54930General BookCentral Library, BUET2015-02-22 
 7 2025-05-27Circulation section2015-05-07 624_183000000000000_WIN_1972Central Library, BUET 624.183/WIN/197212025-05-2645112General BookCentral Library, BUET2015-05-07